Report on a visit to Malaya, Java and Sumatra (Record no. 66761)

MARC details
000 -LEADER
fixed length control field 00315nam a2200109Ia 4500
100 ## - MAIN ENTRY--AUTHOR NAME
Personal name Murray R K S
245 #0 - TITLE STATEMENT
Title Report on a visit to Malaya, Java and Sumatra
260 ## - PUBLICATION, DISTRIBUTION, ETC. (IMPRINT)
Name of publisher Journal of the Rubber Research Institute of Malaya
Year of publication 1938
300 ## - PHYSICAL DESCRIPTION
Number of Pages 108-129
942 ## - ADDED ENTRY ELEMENTS (KOHA)
Koha item type Journals
Holdings
Withdrawn status Lost status Damaged status Not for loan Home library Current library Date acquired Serial Enumeration / chronology Koha item type
      Journals RRII Library RRII Library 17/12/2021 Volume 8, Issue 2 Journals